=LDR 00000nam 2200000 4500 =001 INLIS000000000017573 =005 20130612112802 =008 ***********************************Ind** =035 ##$$0010-061300000017573 =041 ##$$a Ind =082 ##$$a 612 =090 ##$$a 612, She f =100 ##$$a Sherwood, Lauralee =245 ##$$a Fisiologi manusia, dari sel ke sistem, Lauralee Sherwood ; alih bahasa, Brahin U Pendit =260 ##$$a 2001 $b Jakarta =300 ##$$a xvi, 739 hlm, ilus, 30 cm =650 ##$$a Fisiologi manusia =850 ##$$a NBPNMAT